1363 1689 1942 1489 1063 1615 1238 1220 1668 1457 1315 1873 1923 1892 1243 1810 1899 1454 1568 1108 1258 1067 1220 1878 1039 1180 1729 1131 1073 1900 1769 1925 1208 1508 1320 1408 1339 1074 1763 1447 1287 1156 1680 1667 1311 1071 1275 1747 1373 1260 1871 1272 1143 1769 1300 1708 1844 1603 1152 1277 1835 1543 1344 1594 1544 1411 1522 1625 1031 1572 1611 1919 1145 1978 1790 1761 1603 1735 1593 1664 1182 1553 1760 1371 1572 1121 1223 1637 1561 1666 1870 1977 1731 1419 1040 1462 1159 1928 1192 BCNSPRNW ULIB Ver.6.0+V

เปลี่ยนเป็นภาษาไทย

Change to English
 แสดงรายละเอียดบรรณานุกรม
  กลับหน้าหลัก

Brief Record : Get Marc (ISO 2709) : E-mail record : QR code < ปิดหน้าต่าง
LEADER : 00000nam 2200000uu 4500
001    13399128044
003     ULIB
008    220128s2563||||th 000 0 tha d
020    ^a9786165721424
050    ^aนว^bภ262ป
100 0  ^aภวันดร
245 10 ^aปริศนาชบาแดง /^cภวันดร
250    ^aพิมพ์ครั้งที่ 1
260    ^aกรุงเทพฯ :^bกู๊ดเฮด พริ้นท์ติ้ง แอนด์ แพคเกจจิ้ง กรุ๊ป,^c2563
300    ^a280 หน้า ;^c21 ซม.
650  0 ^aนวนิยาย
945    ^p0^l0^i29189
999    ^aกัณชพร จุลอักษร
รายการนี้ยังไม่มีแท็ก
คุณยังไม่ได้ล็อกอิน คุณสามารถมีกิจกรรมร่วมกับเว็บไซต์ได้ แต่ต้องล็อกอินก่อน ::
  ล็อกอิน

รายการสื่อสารสนเทศ

ลำดับที่ ประเภท เลขเรียก/บาร์โค้ด สถานที่ สถานะ
1. วิทยาศาสตร์การแพทย์ และสุขภาพ
วิทยาศาสตร์การแพทย์ และสุขภาพ
นว ภ262ป ฉ.1 
  Barcode: 29189
ห้องสมุดวิทยาเขตนครสวรรค์
►นวนิยาย:l:Fiction
บนชั้น

รายการใกล้เคียง
    ผู้แต่ง [ภวันดร]

    หัวเรื่อง [นวนิยาย]

BibComment


ยังไม่เคยถูกคอมเมนท์

คอมเมนท์ทรัพยากรรายการนี้
  คอมเมนท์: ปริศนาชบาแดง ภว..


 Copyright 2026. Bcnsprnw @Library